000 01835nam a2200565 i 4500
001 11460
003 KOSZ 005
005 20240405063007.0
008 071002s1969 pl a g 001 0 pol
015 _aPB 1969/1418
040 _aWA N
_cWA N
_dKOSZ 005/RW
_dKOSZ 005/HR
046 _k1963
080 _a73/76.03(4)"03/19"
080 _a72.03(4)"03/19"
100 1 _aBiałostocki, Jan
_d(1921-1988)
_eAutor
245 1 0 _aSztuka cenniejsza niż złoto :
_bopowieść o sztuce europejskiej naszej ery.
_nT. 2 /
_cJan Białostocki.
250 _aWydanie 3 rozszerzone.
260 _aWarszawa :
_bPaństwowe Wydawnictwo Naukowe,
_c1969.
300 _a401, [3] stron :
_bilustracje, mapy ;
_c27 cm.
336 _aTekst
_btxt
_2rdacontent
337 _aBez urządzenia pośredniczącego
_bn
_2rdamedia
338 _aWolumin
_bnc
_2rdacarrier
380 _aKsiążki
388 _a1901-2000
504 _aBibliografia na stronach 369-[370]. Indeks.
648 4 _a1601-1700
648 4 _a1701-1800
648 4 _a1801-1900
648 4 _a1901-2000
648 4 _a1201-1300
648 4 _a1301-1400
648 4 _a1401-1500
648 4 _a1501-1600
648 4 _a1001-1100
648 4 _a1101-1200
648 4 _a301-400
648 4 _a401-500
648 4 _a501-600
648 4 _a601-700
648 4 _a701-800
648 4 _a801-900
648 4 _a 901-1000
650 4 _aHistoria sztuki
655 7 _aSztuka europejska
658 _aHistoria
658 _aKultura i sztuka
710 2 _aPaństwowe Wydawnictwo Naukowe
_4pbl.
856 _uhttp://koha.tu.koszalin.pl/cgi-bin/koha/opac-detail.pl?biblionumber=11460
_yKatalog online BPK
942 _2UKD
_cKS
999 _c11460
_d11460